The school in question : a comparative study of the school and future in western society
Αποθηκεύτηκε σε:
| Κύριος συγγραφέας: | |
|---|---|
| Μορφή: | Βιβλίο |
| Γλώσσα: | English |
| Δημοσίευση: |
New York :
Oxford University Press,
1979.
|
| Θέματα: | |
| Ετικέτες: |
Προσθήκη ετικέτας
Δεν υπάρχουν, Καταχωρήστε ετικέτα πρώτοι!
|
MARC
| LEADER | 00000cam a2200000 i 4500 | ||
|---|---|---|---|
| 001 | 1/21151 | ||
| 008 | 960711s1979 nyu| ||| |||| ||eng|| | ||
| 020 | |a 0198740867 | ||
| 035 | |a 1987 |c Αγορά |l 10036222 | ||
| 040 | |a GR-MyUa |b gre |e AACR2 | ||
| 041 | 0 | |a eng | |
| 082 | 0 | |a 370.91812 2 |2 (22) | |
| 100 | 1 | |a Husen, Torsten, |d 1916-2009. | |
| 245 | 1 | 4 | |a The school in question : |b a comparative study of the school and future in western society / |c Torsten Husen. |
| 260 | |a New York : |b Oxford University Press, |c 1979. | ||
| 300 | |a 196 σ. ; |c 22 3κ. | ||
| 650 | 0 | |a Education |x History. | |
| 650 | 0 | |a Education, Secondary. | |
| 767 | 0 | 8 | |i Μεταφρασμένο ως: |t Η αμφισβήτηση του σχολείου : |
| 852 | |a INST |b RHODES |e 19960711 |h 370.91812 HUS |p 005400002837 |q 005400002837 |t BK |y 0 | ||